[Event "Canadian op U1600 48th"]
[Site "Toronto"]
[Date "2011.07.11"]
[Round "3"]
[White "Lean, Nathan"]
[Black "Vaugh, Jason"]
[Result "1-0"]
[WhiteElo "1515"]
[BlackElo "851"]
[PlyCount "37"]
[EventDate "2011.07.09"]
[EventType "swiss"]
[EventRounds "9"]
[EventCountry "CAN"]
[SourceTitle "EXT 2022"]
[Source "ChessBase"]
[SourceDate "2021.10.06"]
[SourceVersion "1"]
[SourceVersionDate "2021.10.06"]
[SourceQuality "1"]

1. e4 e5 2. Nf3 Nf6 3. Nc3 Nc6 4. Bb5 a6 5. Bxc6 bxc6 6. Nxe5 d6 7. Nxc6 Qd7 8. Nb4 c5 9. Nbd5 Nxd5 10. Nxd5 Qe7 11. Nxe7 Bxe7 12. d4 0-0 13. 0-0 Re8 14. dxc5 dxc5 15. Bf4 Bb7 16. Qe2 Rad8 17. Rad1 a5 18. Rxd8 Bxd8 19. Qb5 1-0